000 00798nam a22002657a 4500
005 20130613160431.0
010 _aENG-107378
020 _a9781259001635
_c595.00
035 _aEN-90911
037 _bDBAD/PUB
082 _a658.421
245 _a Entrepreneurship /
_cby Robert D. Hisrich...[et al]
250 _a8th ed
260 _aNew Delhi
_bTata Mc Graw Hill
_c2013
270 _aP-24, Green Park Extension
_bNew Delhi
_e110016
300 _axxvii,712p.:
_c24cm(pbk)
_bill.
500 _aIncludes index
650 _aNew business enterprises.
650 _aEntrepreneurship.
650 _a Business planning.
650 _a Business enterprises
_x Finance.
650 _a Success in business.
700 _aHisrich, Robert D.
942 _2ddc
_cEN
_mENT
_h658.421
999 _c75976
_d75976